000 00408nam a2200133Ia 4500
008 170516s9999 xx 000 0 und d
245 _aEMMPRIN-Targeted Magnetic Nanoparticles for In Vivo Visualization and Regression of Acute Myocardial Infarction
260 _bTheranostics
260 _c2016
300 _a6:4
650 _xMedical Technology
650 _xMedtech
856 _uhttp://www.thno.org/v6i4
999 _c330225
_d330225